Direito tributário : (Record no. 174)

MARC details
000 -LÍDER
Campo Fixo de Controle 00720cam a2200241 a 4500
001 - NÚMERO DE CONTROLE
Campo de Controle 174
003 - IDENTIFICAÇÃO DO NÚMERO DE CONTROLE
Campo de Controle BR-CuiBMT
005 - DATA E HORA DA ÚLTIMA ATUALIZAÇÃO
Campo de Controle 20231213134254.0
008 - DADOS FIXOS
Dados Fixos 230823s2021 mgba 000 0 por d
020 ## - INTERNATIONAL STANDARD BOOK NUMBER
Nº do ISBN 9786555182750
040 ## - AGÊNCIA CATALOGADORA
Código da Agência Catalogadora BR-CuiBMT
Agência que transcreveu o registro BR-CuiBMT
080 ## - Nº DA CLASSIFICAÇÃO DECIMAL UNIVERSAL
Nº edição CDU 2007
Nº Class. CDU 34:336.2
090 ## - NÚMERO DE CHAMADA
Nº classificação 34:336.2
Cutter G118d
Ano/Edição 2. ed.
100 1# - ENTRADA PRINCIPAL -- AUTOR PESSOAL
Nome pessoal Gabriel, Ivana Mussi
245 10 - TÍTULO PRINCIPAL
Título principal Direito tributário :
Subtítulo constituição e código tributário nacional /
Indicação de responsabilidade Ivana Mussi Gabriel.
250 ## - EDIÇÃO
Edição 2. ed., rev. ampl. e atual.
260 ## - PUBLICAÇÃO, DISTRIBUIÇÃO, ETC.
Local de publicação Belo Horizonte :
Editora Fórum,
Data c2012.
300 ## - DESCRIÇÃO FÍSICA
N. páginas ou volumes 357 p. :
Ilustrações il. ;
Dimensões 22 cm
504 ## - NOTA DE BIBLIOGRAFIA, ETC.
Nota de bibliografia Inclui bibliografia.
650 ## - ASSUNTO TÓPICO
Cabeçalho tópico ou nome geográfico Direito tributário
650 ## - ASSUNTO TÓPICO
Cabeçalho tópico ou nome geográfico Direito financeiro
942 ## - ELEMENTOS DE ENTRADA ADICIONAIS (KOHA)
Fonte de classificação ou esquema de arquivamento Classificação Decimal Universal
Tipo de item do Koha Livros
Holdings
Estado: removido Estado: perdido Fonte de classificação ou esquema de arquivamento Estado: danificado Indisponível para empréstimo Localização permanente Localização atual Data de aquisição Total Checkouts Número de Chamada completo Código de barras Date last seen Número do exemplar Preço efetivo a partir de Tipo de item (Koha) Nota pública
    Classificação Decimal Universal     Biblioteca da Escola Superior de Contas do TCE/MT Biblioteca da Escola Superior de Contas do TCE/MT 28/06/2023   34:336.2 G118d 2. ed. BIBTCEMT23080151 23/08/2023 Ex. 1 23/08/2023 Livros 1. reimpr. 2012

Powered by Koha